| 000 | 00434nam a22001577a 4500 | ||
|---|---|---|---|
| 008 | 230612b |||||||| |||| 00| 0 eng d | ||
| 020 | _a0904230341 | ||
| 040 |
_aNational Science Library _cNational Science Library |
||
| 080 |
_aR 911.2(100)(084.4) _bL7 |
||
| 245 | _aAtlas of world geography | ||
| 260 |
_aLondon: _bSundial Book Limited, _c1977 |
||
| 300 | _a63p. | ||
| 650 | _aGeography | ||
| 653 | _aMaps | ||
| 942 |
_2udc _cREF |
||
| 999 |
_c42509 _d42509 |
||